[Event "XXVII MISTRZOSTWA WOJEWÓDZTWA PODLASKIEGO JUNIOREK DO LAT 12 - D12"]
[Site "Białystok, Poland"]
[Date "2025.05.31"]
[Round "7.3"]
[White "Szewczyk, Maja"]
[Black "Wojdakowska, Emilia"]
[Result "1-0"]
[WhiteElo "1432"]
[BlackElo "1480"]

1. d4 {[%clk 00:30:56]} {[%emt 00:00:02]} d5 {[%clk 00:30:54]} {[%emt
00:00:07]} 2. Bf4 {[%clk 00:31:15]} {[%emt 00:00:11]} Nf6 {[%clk 00:31:06]}
{[%emt 00:00:18]} 3. e3 {[%clk 00:31:21]} {[%emt 00:00:24]} e6 {[%clk
00:31:31]} {[%emt 00:00:05]} 4. c3 {[%clk 00:31:22]} {[%emt 00:00:29]} Be7
{[%clk 00:31:54]} {[%emt 00:00:08]} 5. Nf3 {[%clk 00:31:32]} {[%emt 00:00:19]}
O-O {[%clk 00:31:59]} {[%emt 00:00:26]} 6. Nbd2 {[%clk 00:31:48]} {[%emt
00:00:13]} Nbd7 {[%clk 00:32:18]} {[%emt 00:00:11]} 7. Bd3 {[%clk 00:31:41]}
{[%emt 00:00:38]} b6 {[%clk 00:32:40]} {[%emt 00:00:09]} 8. e4 {[%clk
00:31:12]} {[%emt 00:00:59]} Bb7 {[%clk 00:32:39]} {[%emt 00:00:31]} 9. e5
{[%clk 00:30:56]} {[%emt 00:00:45]} Ne4 {[%clk 00:32:17]} {[%emt 00:00:52]} 10.
O-O {[%clk 00:30:24]} {[%emt 00:01:02]} c5 {[%clk 00:32:06]} {[%emt 00:00:41]}
11. Qe2 {[%clk 00:30:09]} {[%emt 00:00:44]} c4 {[%clk 00:32:17]} {[%emt
00:00:21]} 12. Bxe4 {[%clk 00:30:10]} {[%emt 00:00:28]} dxe4 {[%clk 00:32:12]}
{[%emt 00:00:34]} 13. Nxe4 {[%clk 00:29:51]} {[%emt 00:00:50]} Bxe4 {[%clk
00:30:21]} {[%emt 00:02:22]} 14. Qxe4 {[%clk 00:30:01]} {[%emt 00:00:19]} Re8
{[%clk 00:24:55]} {[%emt 00:05:57]} 15. Qe2 {[%clk 00:27:21]} {[%emt 00:03:10]}
Rc8 {[%clk 00:24:20]} {[%emt 00:01:05]} 16. Nd2 {[%clk 00:27:09]} {[%emt
00:00:41]} b5 {[%clk 00:24:38]} {[%emt 00:00:13]} 17. a4 {[%clk 00:27:16]}
{[%emt 00:00:23]} a6 {[%clk 00:24:51]} {[%emt 00:00:17]} 18. axb5 {[%clk
00:27:26]} {[%emt 00:00:20]} axb5 {[%clk 00:25:14]} {[%emt 00:00:06]} 19. b3
{[%clk 00:25:32]} {[%emt 00:02:24]} cxb3 {[%clk 00:23:12]} {[%emt 00:02:31]} 20.
Nxb3 {[%clk 00:25:46]} {[%emt 00:00:16]} Rxc3 {[%clk 00:22:41]} {[%emt
00:01:01]} 21. Qxb5 {[%clk 00:25:55]} {[%emt 00:00:22]} Qc7 {[%clk 00:22:25]}
{[%emt 00:00:45]} 22. Rac1 {[%clk 00:25:13]} {[%emt 00:01:13]} Rxc1 {[%clk
00:11:45]} {[%emt 00:11:10]} 23. Rxc1 {[%clk 00:25:24]} {[%emt 00:00:19]} Qa7
{[%clk 00:11:33]} {[%emt 00:00:37]} 24. Ra1 {[%clk 00:24:16]} {[%emt 00:01:43]}
Qc7 {[%clk 00:10:52]} {[%emt 00:00:50]} 25. d5 {[%clk 00:23:40]} {[%emt
00:01:27]} exd5 {[%clk 00:02:56]} {[%emt 00:08:26]} 26. Qxd5 {[%clk 00:22:53]}
{[%emt 00:01:16]} Nb6 {[%clk 00:02:53]} {[%emt 00:00:33]} 27. Qb5 {[%clk
00:22:03]} {[%emt 00:01:20]} Rb8 {[%clk 00:02:44]} {[%emt 00:00:34]} 28. Rc1
{[%clk 00:20:47]} {[%emt 00:01:51]} Qd8 {[%clk 00:02:38]} {[%emt 00:00:33]} 29.
e6 {[%clk 00:20:34]} {[%emt 00:00:47]} Bd6 {[%clk 00:01:34]} {[%emt 00:01:34]}
30. exf7+ {[%clk 00:20:41]} {[%emt 00:00:22]} Kf8 {[%clk 00:01:12]} {[%emt
00:00:53]} 31. Rd1 {[%clk 00:20:27]} {[%emt 00:00:44]} Nc8 {[%clk 00:00:44]}
{[%emt 00:00:54]} 32. Bxd6+ {[%clk 00:19:43]} {[%emt 00:01:17]} Nxd6 {[%emt
00:00:13]} 33. Qd5 {[%clk 00:18:53]} {[%emt 00:01:18]} Rb6 {[%clk 00:01:10]}
{[%emt 00:00:20]} 34. Nc5 {[%clk 00:18:02]} {[%emt 00:01:25]} Qb8 {[%clk
00:00:46]} {[%emt 00:00:53]} 35. Nd7+ {[%clk 00:18:06]} {[%emt 00:00:25]} 1-0